000 00240 a2200097 4500
001 30501
100 _aFrench, F G
245 _aThe progressive oxford English Course
260 _aOxford University Press
_bOxford
_c
090 _c20434
_d20434
942 _aNUST-CAE
_cM
_c11597
999 _c265574
_d265574